000 00655nam a2200217Ia 4500
005 20241129111157.0
008 241129s9999||||xx |||||||||||||| ||und||
020 _a978-0-367-33642-4
037 _aTB
040 _aCRL
_beng
_cCRL
041 _aeng
_2eng
084 _aƩ:f R2
_qCRL
100 _aHelm Jonathan Lee Au.
_9723538
245 0 _aAdvanced multitrait multimethod analyses for the behavioral and socila sciences
_cHelm Jonathan Lee Au.
260 _aLondon, UK
_bRoutledge
_c2022
300 _axvii,216p.
365 _aUKP
_b44.99
650 _aSocial ScienceResearch Method
942 _cTB
_hƩ:f R2
999 _c1229273
_d1229273